|
|
|
|
| LEADER |
01224nam a2200325 a 4500 |
| 001 |
28625 |
| 003 |
BD-DhAAL |
| 005 |
20141130114811.0 |
| 008 |
141130r19861976nyuaf j 000 1 eng |
| 010 |
|
|
|a 87031868
|
| 020 |
|
|
|a 0517659581 (alk. paper)
|
| 020 |
|
|
|a 0553242954
|
| 040 |
|
|
|a DLC
|c DLC
|d DLC
|d BD-DhAAL
|
| 042 |
|
|
|a lcac
|
| 050 |
0 |
0 |
|a PZ7.M768
|b An 1988
|
| 082 |
0 |
0 |
|a 813.54
|2 22
|
| 100 |
1 |
|
|a Montgomery, L. M.
|q (Lucy Maud),
|d 1874-1942.
|9 6275
|
| 245 |
1 |
0 |
|a Anne of Green Gables /
|c by L. M. Montgomery.
|
| 260 |
|
|
|a New York :
|b Bantam Books,
|c 1986.
|
| 300 |
|
|
|a 309 p. ;
|c 18 cm.
|
| 541 |
|
|
|e 28625
|
| 650 |
|
1 |
|a Orphans
|v Fiction.
|9 5638
|
| 650 |
|
1 |
|a Friendship
|v Fiction.
|9 6276
|
| 650 |
|
1 |
|a Islands
|v Fiction.
|9 6277
|
| 650 |
|
1 |
|a Country life
|z Prince Edward Island
|v Fiction.
|9 6278
|
| 651 |
|
1 |
|a Prince Edward Island
|x History
|y 20th century
|v Fiction.
|9 6279
|
| 651 |
|
1 |
|a Canada
|x History
|y 1867-1914
|v Fiction.
|9 6280
|
| 942 |
|
|
|2 ddc
|c BK
|
| 999 |
|
|
|c 33144
|d 33144
|
| 952 |
|
|
|0 0
|1 0
|2 ddc
|4 0
|6 813_540000000000000_MON
|7 0
|9 44245
|a BRACUL
|b BRACUL
|c GEN
|d 2014-11-30
|e BRAC Institute of Language (BIL)
|l 11
|m 42
|o 813.54 MON
|p 3010028625
|r 2025-10-07
|s 2025-05-22
|t 1
|w 2014-11-30
|y BK
|x Transferred from BIL to BRACUL on 06/06/22
|